000 01176nam a22003497a 4500
003 CHAP
005 20220329133946.0
008 971013s1996 r 00010 d
010 _a13251
011 _a14223
035 _a18296
040 _cCHAP
090 _aFolleto 14533
100 0 0 _aCortés Hernández, Silvia E .
_928364
245 _aGeohelmintos de importancia médica
260 _aChapingo, Méx. :
_bUACH,
_c1996
300 _a32 p.
_b: ilus.
590 _aBATCH-UPD
_b10
_c20130109
_lUCH01
_h2318
590 _aBATCH-UPD
_b10
_c20130110
_lUCH01
_h0856
590 _aBATCH-UPD
_b10
_c20130409
_lUCH01
_h1839
590 _aBATCH-UPD
_b10
_c20130410
_lUCH01
_h0527
590 _aBATCH-UPD
_b10
_c20130914
_lUCH01
_h1051
590 _aCONVERSION
_b10
_c20130109
_lUCH01
_h1309
650 1 4 _aHelmintos.
_953475
650 1 4 _aInteracción huésped-parásito.
_959512
901 _aBK
942 _cFOLL
949 _aFolleto 14533
_bBC
_cFOLL
_d-153092
_eTS1
_i18296
_si
949 _aFolleto 14533
_bBC
_cFOLL
_d-153093
_eTS2
_fc.2
_i18296
_si
949 _aFolleto 14533
_bBC
_cFOLL
_d-153094
_eTS2
_fc.3
_i18296
_si
949 _aFolleto 14533
_bBC
_cUACH
_d-153095
_eUACH
_fc.4
_i18296
_si
999 _c13251
_d13251